Wanderings : Chaim Potok's history of the Jews.

Bibliographic Details
Main Author: Potok, Chaim
Format: Book
Language:English
Published: New York : Knopf, 1978.
Edition:1st ed.
Subjects:

MARC

Tag First Indicator Second Indicator Subfields
LEADER 00000pam a2200000 a 4500
001 in00000088168
005 20151008065042.0
008 780516s1978 nyuab b 00110 engm
010 |a  78054915  
019 |a 4589879 
020 |a 0394501101 
035 |a (OCoLC)04003760 
035 |9 AAK5269AM 
040 |a DLC  |c DLC  |d m.c.  |d TXA  |d UtOrBLW 
049 |a TXAM  |c [802219] 
050 0 0 |a DS117  |b .P65 
082 0 |a 909/.04/924 
100 1 |a Potok, Chaim. 
245 1 0 |a Wanderings :  |b Chaim Potok's history of the Jews. 
250 |a 1st ed. 
264 1 |a New York :  |b Knopf,  |c 1978. 
300 |a xv, 431 pages :  |b illustrations (some color), map ;  |c 29 cm. 
336 |a text  |b txt  |2 rdacontent 
337 |a unmediated  |b n  |2 rdamedia 
338 |a volume  |b nc  |2 rdacarrier 
500 |a Includes index. 
504 |a Bibliography: pages 405-408. 
650 2 0 |a Jews  |x History. 
999 |a MARS 
999 f f |s 9dbe72ee-ef63-3afa-8c3b-379dbbb89f49  |i df3d68e5-95de-3fa5-bff2-5bb28a1c85fa  |t 0 
952 f f |p normal  |a Texas A&M University  |b College Station  |c Sterling C. Evans Library  |d Evans: Library Stacks  |t 0  |e DS117 .P65  |h Library of Congress classification  |i unmediated -- volume  |m A14806100619 
998 f f |a DS117 .P65  |t 0  |l Evans: Library Stacks